The 10 Most Economically Stable Countries - Statistics

General Stats
  • This quiz has been taken 6 times
  • The average score is 7 of 10
Answer Stats
Hint Answer % Correct
2 Switzerland
100%
4 Canada
80%
3 Germany
80%
7 Sweden
80%
8 Denmark
60%
5 Japan
60%
9 Netherlands
60%
10 Saudi Arabia
60%
1 UAE
60%
6 Australia
40%
No matching quizzes found
Score Distribution
Percent of People with Each Score
Percentile by Number Answered
Your Score History
You have not taken this quiz